| Tag |
First Indicator |
Second Indicator |
Subfields |
| LEADER |
00000cam a22000003i 4500 |
| 001 |
in00003484530 |
| 005 |
20151206102549.0 |
| 008 |
140509q2014 xx 000 0 eng d |
| 020 |
|
|
|a 1620324091
|
| 020 |
|
|
|a 9781620324097
|
| 035 |
|
|
|a (OCoLC)ocn879526687
|
| 035 |
|
|
|a (OCoLC)879526687
|
| 040 |
|
|
|a YDXCP
|b eng
|c YDXCP
|d OCLCQ
|d OCLCO
|d EXN
|d UtOrBLW
|
| 049 |
|
|
|a TXAM
|
| 050 |
|
4 |
|a HM1271
|b .G76 2014
|
| 082 |
0 |
4 |
|a 201.5
|2 23
|
| 100 |
1 |
|
|a Gross, Rita M.
|
| 245 |
1 |
0 |
|a Religious diversity - whats the problem? :
|b buddhist advice for flourishing with religious diversity /
|c Rita M. Gross.
|
| 264 |
|
1 |
|a Eugene, Oregon :
|b Cascade Books,
|c [2014]
|
| 300 |
|
|
|a xiii, 361 pages ;
|c 23 cm
|
| 336 |
|
|
|a text
|b txt
|2 rdacontent
|
| 337 |
|
|
|a unmediated
|b n
|2 rdamedia
|
| 338 |
|
|
|a volume
|b nc
|2 rdacarrier
|
| 650 |
|
0 |
|a Cultural pluralism
|x Religious aspects.
|
| 650 |
|
0 |
|a Cultural pluralism
|x Religious aspects
|x Buddhism.
|
| 938 |
|
|
|a YBP Library Services
|b YANK
|n 11801204
|
| 947 |
|
|
|a A14840661047
|
| 945 |
|
|
|a PromptCat
|b 843702
|
| 946 |
|
|
|a stk
|
| 948 |
|
|
|a Cataloged
|b h
|c 2014/7/31
|d c
|e APike
|
| 994 |
|
|
|a 92
|b TXA
|
| 999 |
|
|
|a MARS
|
| 999 |
f |
f |
|s 65475a89-d5d3-3f3c-9231-19b3b6dbb09d
|i 7711937b-30e1-3206-af2d-cedb6d4f5f9c
|t 0
|
| 952 |
f |
f |
|p normal
|a Texas A&M University
|b College Station
|c Sterling C. Evans Library
|d Evans: Library Stacks
|t 0
|e HM1271 .G76 2014
|h Library of Congress classification
|i unmediated -- volume
|m A14840661047
|
| 998 |
f |
f |
|a HM1271 .G76 2014
|t 0
|l Evans: Library Stacks
|